| 000 | 01289nam a2200241Ia 4500 | ||
|---|---|---|---|
| 999 |
_c41329 _d41329 |
||
| 001 | 7987 | ||
| 003 | GE_BSU | ||
| 005 | 20221004144700.0 | ||
| 008 | 181216s2013ge xx |||||||||||||| ||geo|| | ||
| 020 | _a9789941221514 | ||
| 040 | _cGE_BSU | ||
| 041 | _ageo | ||
| 080 | _a811.353.1 მ-43 | ||
| 100 |
_aმაჭავარიანი, დავით _915023 |
||
| 245 |
_aენათმეცნიერული ნაკვევები : _bკრებული / _cკრებული შეადგინა და გამოსაცემად მოამზადა ნანა ხოჭოლავა-მაჭავარიანმა, რედ. გოგი გოგოლაშვილი |
||
| 264 |
_aთბილისი : _bუნივერსალი, _c2013. |
||
| 300 |
_a 359 გვ.: _c22 სმ. |
||
| 653 | _aენათმეცნიერული ნარკვევები | ||
| 653 | _aენათმეცნიერება | ||
| 700 |
_aხოჭოლავა-მაჭავარიანი, ნანა _e შეადგინა და გამოსაც. მოამზადა _915024 |
||
| 700 |
_aგოგოლაშვილი, გოგი _eრედაქტორი _915025 |
||
| 942 |
_cBK _2udc |
||